LEADER 01099nam a2200289 a 4500 001 000000137956 003 CaOOAMICUS 005 20140328115638.0 008 140328s1994 it dk u000 u ita r 020 $a88-08-13016-9 040 $aPUL$bita 041 1 $aita$heng 082 04$a339 100 1 $aMankiw, N. Gregory.$0(OLS)http://pul/name/89009 240 10$aMacroeconomics$lItaliano.$0(OLS)http://pul/title/154543 245 10$aMacroeconomia /$cN. Gregory Mankiw. 260 $aBologna :$bZanichelli,$c1994. 300 $aXVII, 373 p. :$bgrafici, formulari ;$c27 cm 650 4$aMacroeconomia.$0(OLS)http://pul/subject/25967 850 $aPUL 852 $aPUL$W1$xDP2 Diritto e Scienze Sociali 3$y110$m339 MANGR 1$j159024$qDDC 21$B158576$CPULBib$Z2$F158576 $H86972 $82 941 1 $a9 996 $6020$a88-08-13016-9$9(OLS)http://pul/number/154953 996 $6082$a339$9(OLS)http://pul/classification/2619 996 $6245$aMacroeconomia$9(OLS)http://pul/title/119390 996 $6260$aBologna :$bZanichelli$9(OLS)http://pul/publisher/48255 LEADER 01494nam a2200313 u 4500 001 000000023662 003 CaOOAMICUS 005 20070226111250.0 008 950620s1982 it u000 u ita u 035 $a10595010 040 $aPUL$bita$dPUL(R) 041 1 $aita$hfre 100 1 $aAllmen, Jean-Jacques von.$0(OLS)http://pul/name/19907 240 10$aPrimauté de l'Église de Pierre et de Paul : remarques d'un protestant.$litaliano.$0(OLS)http://pul/title/32875 245 13$aIl primato della Chiesa di Pietro e di Paolo :$bosservazioni di un protestante /$cJean-Jacques von Allmen ; presentazione di Felice Montagnini. 260 $aBrescia :$bMorcelliana,$c1982. 300 $a128 p. ;$c23 cm 504 $aBibliografia in nota. 650 4$aPapato.$0(OLS)http://pul/subject/4195 700 1 $aMontagnini, Felice,$csacerdote,$d1923-2018.$0(OLS)http://pul/name/6530 850 $aPUL 852 $aPUL$W1$xDP1 Fondo Maccarrone$y58$m1501 F 16$j33180$nBK-PRI$b $qFondi$B33180$CPULBib$Z2$F33180 $H $81 852 $aPUL$W1$xSL Religione 1$y3$m63 H 11$j33181$nBK-PRI$b $qStampati$B33181$CPULBib$Z2$F33181 $H $81 941 1 $a8 941 1 $a1 961 $aINV: Fondo Mons. M. Maccarrone 961 $aINV: 51488 996 $6245$aIl primato della Chiesa di Pietro e di Paolo :$bosservazioni di un protestante$9(OLS)http://pul/title/32876 996 $6260$aBrescia :$bMorcelliana$9(OLS)http://pul/publisher/47854